| 000 | 03154nam a22004094i 4500 | ||
|---|---|---|---|
| 001 | 991061596585206706 | ||
| 003 | ES-BaIT | ||
| 005 | 20260121100521.0 | ||
| 008 | 260121t20252025xxk 000 0 eng d | ||
| 020 |
_a1848429010 _q(rústica) |
||
| 020 |
_a9781848429017 _q(rústica) |
||
| 035 | _a(OCoLC)1360304565 | ||
| 035 | _a(OCoLC)on1360304565 | ||
| 040 |
_aES-BaIT _bcat _erda _cES-BaIT |
||
| 080 | _a792.028 | ||
| 100 | 1 |
_aDieffenbacher, Joe _eautor _9168103 |
|
| 245 | 1 | 0 |
_aDrama games : _bfor clowning and physical comedy / _cJoe Dieffenbacher ; foreword by John Wright. |
| 264 | 1 |
_aLondon : _bNick Hern Books, _c2025 |
|
| 264 | 4 | _c©2025 | |
| 300 |
_axx, 207 pàgines ; _c22 cm |
||
| 336 |
_atext _btxt _2rdacontent |
||
| 337 |
_asense mediació _bn _2rdamedia |
||
| 338 |
_avolum _bnc _2rdacarrier |
||
| 490 | 1 | _aDrama games | |
| 500 | _aInclou índex | ||
| 520 | _a"This dip-in, flick-through, quick-fire resource book, part of the bestselling Drama Games series, offers 80 games and exercises to explore the fundamental concepts of clowning and physical comedy, encourage playfulness, curiosity and collaboration, and help develop performance material.These active and engaging games focus on a wide range of core skills, including:Building and strengthening connections through collaboration and ensemble workDeveloping physical and mental flexibilityUsing restrictions, problems and accidents to devise routines and scenesUsing props to reveal thoughts and emotions and deepen relationshipsThroughout, the focus is on how to develop a playful mind and body, listen to and observe the world around you, and improve your ability to express yourself physically.This essential book is invaluable for actors, improvisers, comedians, directors and teachers looking to explore the principles of clowning to enrich performance skills, generate original material or bring a fresh approach to scripted work.'There are eighty games in this book: eighty opportunities to capture a mood, provoke a response and excite creativity. They are a gift. I wish I'd had this book a couple of decades ago' John Wright, from his Foreword'The perfect companion for any director, this is the most imaginative and comprehensive book of theatre games I have seen' Cal McCrystal (comedy director for The Mighty Boosh, One Man, Two Guvnors and Paddington)Joe Dieffenbacher is a teacher, director, designer, author and actor known for his theatre, circus and cabaret performances under the name nakupelle. He has worked with companies and venues including Shakespeare's Globe, Disney and the Scottish National Opera, as well as co-creating sequences for the Closing Ceremonies of the London 2012 Olympics and Paralympics." | ||
| 650 | 7 |
_aDirecció escènica _956669 |
|
| 650 | 0 |
_aInterpretació _xExercicis _968194 |
|
| 650 | 7 |
_aMoviment (Interpretació) _957327 |
|
| 650 | 0 |
_aPallassos _xFormació _985895 |
|
| 700 |
_aWright, John, _d1946 Gener 13- _eescriptor d'un pròleg _9143953 |
||
| 830 |
_aDrama games _9168104 |
||
| 856 | 4 | 4 |
_3Sumari _uhttps://www.nickhernbooks.co.uk/asset/10983?cmsAsset=1 |
| 908 | _aCDMAE | ||
| 940 | _aOCLC | ||
| 942 |
_2udc _c1 |
||
| 999 |
_c136902 _d136902 |
||